[Event "Grand Chess Tour Saint Louis Rapid & Bl"]
[Site "Chess.com"]
[Date "2021.08.15"]
[Round "26"]
[White "So, Wesley"]
[Black "Caruana, Fabiano"]
[Result "0-1"]
[WhiteElo "2861"]
[BlackElo "2734"]
[EventDate "2021.??.??"]
[Annotator "Bojkov,Dejan"]
[PlyCount "88"]
[Beauty "7356876325899"]
[EventType "blitz"]

1.Nf3 d5 2.e3 c5 3.b3 {A very popular line in blitz.} 3...Nc6 4.Bb5 Bd7 5.Bb2 e6 ( {Black can also develop with:} 5...Nf6 6.O-O e6 7.c4 a6 8.Bxc6 Bxc6 9.Ne5 Qc7 10.cxd5 Bxd5 11.d3 Be7 {Anton Guijarro,D (2703)-Bu,X (2705) chess24.com INT 2020} ) 6.c4 Nge7 7.cxd5 Nxd5 8.O-O a6 9.Be2 {[#]} 9...f6 $146 {An ambitious novelty. Caruana defends the pawn and wants to complete the development in the most optimal way, putting the dark-squared bishop on the b8-h2 diagonal.} ( {The predecessor was good for Black as well after:} 9...Nf6 10.d4 cxd4 11.Nxd4 Be7 12.Bf3 Qc7 13.Nd2 O-O 14.Rc1 Rfd8 15.Qc2 Rac8 {Tereshechkina,M-Drozdova,D (2149) Moscow 2008} ) 10.d4 $1 {The most ambitious strike. So needs to build his initiative while his opponent has has the king in the center.} ( {Black does not experience any problems after:} 10.Nc3 Nxc3 11.Bxc3 Bd6 12.d4 Qe7 ) 10...Be7 11.e4 {Consistent, but it transpires that Black has enough tactical resources here.} ( {Simple and good would have been:} 11.dxc5 Bxc5 12.Nbd2 {gaining some important central squares with a slight edge.} ) 11...Nf4 12.d5 Nd4 $1 {That is the point. White has problem with his Be2.} ( {Instead:} 12...exd5 13.exd5 Nb4 14.Nc3 {seizes the initiative for White.} ) 13.Nxd4 cxd4 14.dxe6 ( {After:} 14.Bxd4 exd5 15.Bf3 ( {White also loses an exchange in the line:} 15.exd5 Nxe2+ 16.Qxe2 Bb5 17.Qh5+ g6 ) ( {Perhaps the lesser evil is:} 15.Nc3 $5 dxe4 16.Bc4 Bc6 {although, there too, Black is in full control.} ) 15...dxe4 16.Bxe4 Bb5 17.Re1 Ne2+ $1 {Black wins at least an exchange.} ) 14...Bxe6 15.Bf3 Bc5 {Caruana establishes central superiority; it is So who is somewhat lagging in development now.} 16.g3 {Once more ambitious, but very risky.} ( {After:} 16.Nd2 O-O {Black is doing fine, but that was to be preferred.} ) 16...Nh3+ 17.Kh1 {White thought that he would have enough time for the f2-f4 advance, but this is not the case!} ( {The lesser evil was:} 17.Kg2 Qd7 18.Nd2 O-O {when Black is better.} ( {And White had to reckon with:} 18...Ng5 {as well.} ) ) 17...O-O ( {Funny, but So cannot defend his f2-pawn after:} 17...d3 $1 18.Qd2 Qb6 {As:} 19.Kg2 Ng5 $1 {loses heavy material.} ) 18.Bg2 Qd7 ( {Once more:} 18...d3 $1 19.Qd2 Qb6 {would have won the key pawn, and the game at once.} ) 19.f4 {Well, he did it. But what about the queenside?} 19...Bg4 20.Qd3 ( 20.Bf3 h5 {was the lesser evil.} ) 20...Qb5 $1 {Removes the blockader and White's only active piece.} 21.Qd2 ( {Or:} 21.Qxb5 axb5 22.Nd2 d3 {when White is in trouble.} ) 21...Bb4 $1 {Very consistent, instructive play by Caruana. The queen has nowhere to hide.} ( 21...d3 22.Nc3 Qd7 23.Nd5 {would have given a chance to White to complete his development.} ) 22.Qxd4 Rfd8 23.Qc4+ Qxc4 24.bxc4 Rac8 ( {Even stronger was:} 24...Bc5 $1 25.Nc3 Rd2 26.Na4 Nf2+ 27.Kg1 Be3 {and a vicious discovered check would soon finish White off.} ) 25.Ba3 a5 $1 {Very nice! It is all about not letting the white queenside knight and rook out.} ( {Black would also been better after:} 25...Rxc4 26.Bxb4 Rxb4 27.Nc3 Rd2 {but the text move is far better.} ) 26.Bxb4 axb4 27.a3 Ra8 {A pity!} ( {The brilliant:} 27...b3 $1 {Would have kept the future queen alive, but what's more-the white rook is out of the game. The win is not trivial at all, but it exists:} 28.Nc3 Rxc4 29.Nd5 b2 30.Rab1 Rc2 31.Ne3 {It seems White is winning, but there is:} 31...Rxg2 $3 32.Nxg2 Rd2 33.Ne3 Be2 {first regaining the exchange, and then promoting his pawn!} ) 28.e5 $1 {So is back!} ( 28.Ra2 $5 {at once was already possible.} ) 28...Rd3 29.Bxb7 Ra7 30.Be4 ( {Stronger was:} 30.Bd5+ $1 Kf8 31.Ra2 bxa3 32.exf6 gxf6 33.Kg2 {and it gets unclear.} ) 30...Re3 31.Bd5+ Kf8 32.a4 {This pawn is strong, but it might have been more important to defend the second rank instead!} ( {After:} 32.Ra2 $1 {White should not fear:} 32...b3 ( {The computer claims Black's edge with:} 32...Be2 $1 33.Rc1 Nf2+ 34.Kg2 Nd3 35.Rg1 Bg4 36.h3 Bf5 {but this does not look convincing enough.} ) 33.Rb2 ) 32...Re2 33.Bf3 {This surprisingly loses.} ( {The pawn needed to make the next step:} 33.a5 {Thus securing the second rank! Then in the line:} 33...Rc2 34.Bf3 ( {Or even:} 34.Na3 $5 bxa3 35.Rxa3 {which might as well be defendable for White.} ) 34...Bxf3+ 35.Rxf3 Rd7 36.Rf1 Rd3 37.a6 {Black has nothing more than a perpetual:} 37...Nf2+ 38.Kg1 Nh3+ ) 33...Bxf3+ 34.Rxf3 Rd7 35.Rf1 Rd3 $3 {That is the difference, the a-passer is a move slower!} 36.a5 Rb3 $1 37.Nd2 ( {For:} 37.a6 Rbb2 {leads to a mate.} ) 37...Rxd2 38.Rab1 Ra3 39.Ra1 Rxa1 40.Rxa1 b3 41.a6 Ra2 {Caruana is of course winning, but in the scramble he alllows one last chance to his opponent.} 42.Rb1 b2 {Oops, this could have ended badly!} ( {Both:} 42...g5 $1 ) ( {And:} 42...fxe5 $1 {were securing the knight, with a win.} ) 43.a7 ( {For now, White could have trapped the horsey:} 43.Kg2 $1 Nxf4+ 44.gxf4 {with a draw.} ) 43...Nf2+ 44.Kg2 Nd3 {The knight is out, and So resigned.} 0-1

[Event "Grand Chess Tour Sinquefield Cup 2021"]
[Site "Chess.com"]
[Date "2021.08.25"]
[Round "8"]
[White "Xiong, Jeffery"]
[Black "Mamedyarov, Shakhriyar"]
[Result "1/2-1/2"]
[WhiteElo "2710"]
[BlackElo "2782"]
[EventDate "2021.??.??"]
[Annotator "yermo"]
[PlyCount "67"]
[Beauty "6463925790217"]
[EventType "team-tourn"]
[TimeControl "5400+30"]

1.c4 e6 2.Nc3 d5 3.d4 a6 $5 {The old Dawid Janowski's move is all the rage 120 years later.} 4.cxd5 exd5 5.Bf4 Nf6 6.e3 c5 $5 {Shakh wanted a more combative pawn structure.} ( 6...Bd6 {is standard here.} ) 7.dxc5 Bxc5 8.Nf3 Nc6 9.Be2 O-O 10.O-O Re8 ( 10...Be6 11.Ne5 $1 {was seen in the online game Nakamura-Le Quang Liem, NIC Classic 2021. After} 11...Bd6 12.Nxc6 bxc6 13.Na4 c5 14.Bxd6 Qxd6 15.Rc1 Rfc8 16.Qd2 {Hikaru eventually managed to prove that the hanging pawns can be weak.} ) 11.Rc1 h6 ( {In case of} 11...d4 {White may consider} 12.Nb5 $5 ) 12.Qc2 ( {The more active} 12.Qb3 {suggested itself.} ) 12...Ba7 13.Rfd1 Be6 {Now the d5-pawn is defended, and Jeffery switches to Nakamura's plan.} 14.Ne5 $1 Rc8 15.Bf3 Qa5 16.Qd3 ( {I'd prefer to clarify the situation:} 16.Nxc6 bxc6 ( 16...Rxc6 17.h3 Rec8 18.Qb1 ) 17.a3 Red8 18.Ne2 c5 19.Be5 ) 16...Ne7 $5 {Shakh avoids any trades, which is a good recipe of how to handle such positions.} 17.h3 Red8 18.Qe2 b5 19.a3 d4 $1 {Time to introduce some tactics.} 20.exd4 Rxd4 $6 ( 20...Bxd4 21.Ne4 Rxc1 22.Rxc1 Nxe4 23.Bxe4 Qb6 {was a clear path to equality. I'm sure it wasn't what Mamedyarov was looking for.} ) 21.Nd3 $1 Rdd8 22.Nb4 $1 {Excellent work by Xiong. Now the black queen is extremely short of squares.} 22...Ng6 {Shakh had already devised a plan of counterplay, involving an exchange sacrifice.} 23.Be3 Rxd1+ 24.Rxd1 Bb8 ( {Insufficient was} 24...Bxe3 25.Qxe3 Re8 26.Qa7 {and Black will soon lose his queenside pawns.} ) 25.Nc6 Rxc6 {Think what you want, but I admire this move.} ( 25...Qc7 26.Nxb8 Rxb8 27.Ne4 Nxe4 28.Bxe4 Rd8 29.Rxd8+ Qxd8 30.Qd2 Qxd2 31.Bxd2 {would leave Black defending a worse endgame, and it's not a fact that he would survive it.} ) 26.Bxc6 Qc7 27.f4 ( {The cool defensive move} 27.Qc2 {escaped Jeffery's attention. The point is that} 27...Nh4 {can be answered with} 28.Nxb5 $1 ( {Xiong must have seen} 28.g3 Bf5 {and didn't find it comfortable.} ) 28...axb5 29.Bf4 Qb6 30.Bxb8 Qxb8 31.Qd3 ) 27...Nxf4 28.Qd2 $6 {The second inaccuracy in a row allows Black to escape with a draw.} ( {According to computers,} 28.Qf3 {would keep the edge, but in a real game situation, low on time and facing a fearsome attacker, I cannot guarantee anything.} ) 28...Nd3 $1 {It took him some time, but Shakh found the right move.} ( 28...Nxh3+ {was analyzed by our commentators, who came to a conclusion that White can beat off the attack:} 29.gxh3 Qg3+ 30.Bg2 Bxh3 31.Qf2 Qh2+ 32.Kf1 ) 29.Qxd3 Qh2+ 30.Kf2 Qg3+ {No stepping on light squares for the white king, on account of Bc4.} 31.Kg1 Qh2+ 32.Kf2 Qg3+ 33.Kg1 Qh2+ 34.Kf2 1/2-1/2

[Event "Grand Chess Tour Sinquefield Cup 2021"]
[Site "Chess.com"]
[Date "2021.08.26"]
[Round "9"]
[White "Rapport, Richard"]
[Black "Caruana, Fabiano"]
[Result "1/2-1/2"]
[WhiteElo "2763"]
[BlackElo "2806"]
[EventDate "2021.??.??"]
[Annotator "yermo"]
[PlyCount "123"]
[Beauty "5021085263926"]
[EventType "team-tourn"]
[TimeControl "5400+30"]

1.e4 c5 2.Nf3 e6 3.d4 cxd4 4.Nxd4 Nc6 5.Bf4 $5 {This is a rare move, but it goes along with some newly developed ideas that White currently tries in the Sicilian.} 5...d6 6.Nxc6 {That's one of those.} ( 6.Bg3 e5 $1 {leaves the bishop underemployed for many moves to come.} ) 6...bxc6 7.c4 {This is the structure White wants. Black has to decide how to place his central pawns.} 7...Rb8 8.Qc2 e5 $1 {I support Fabiano's decision, but I think he had something even better.} ( 8...c5 $5 9.Nc3 Ne7 $1 10.Rd1 Nc6 {is thematic. We recall seeing something similar in Caruana-Swiercz from round 3, but in that game White was way ahead of schedule with his kingside attack.} ) 9.Be3 Nf6 10.Nc3 Qc7 11.Be2 Be7 12.O-O O-O 13.Rac1 Be6 14.b3 h6 15.h3 a5 16.Rfd1 Rfd8 17.Bf3 {Rapport made his last preparation for the c4-c5 push by bringing enough pieces to deter Black's answer of d6-d5.} 17...Nh7 $1 {Caruana is in time with countermeasures.} 18.Qe2 {A new series of maneuvers.} ( 18.c5 Ng5 $1 19.Bxg5 ( 19.Bg4 d5 ) 19...Bxg5 20.cxd6 Rxd6 21.Rxd6 Qxd6 22.Rd1 Qc5 {is comfortable for the second player.} ) 18...Bg5 19.Rd3 Qe7 20.Rcd1 Rd7 21.Bd2 Bxd2 22.Qxd2 Ng5 23.Be2 Rbd8 24.Qe3 ( 24.h4 $1 Nh7 25.Qe3 {was the right idea. Black wouldn't think of taking on h4 and losing the d6-pawn in return.} ) 24...f5 25.c5 ( {Again,} 25.h4 {was worth a look. I'm not sure Caruana would be ready to burn his bridges with} 25...f4 $5 26.Qb6 Nf7 27.c5 Qxh4 28.cxd6 g5 {as his losses on the queenside would be catastrophic, unless he manages to deliver checkmate.} ) 25...d5 {Now Black is totally fine.} 26.exd5 Bxd5 27.f4 Ne4 28.Nxd5 cxd5 29.c6 $6 {In mutual time trouble Rapport seeks complications.} ( {He had a safe choice in} 29.fxe5 d4 ( 29...Nxc5 30.Rd4 Ne6 31.R4d2 ) 30.Rxd4 $1 Qxc5 31.Rxe4 Rxd1+ 32.Bxd1 Rxd1+ 33.Kh2 {with a draw being the likely outcome.} ) 29...d4 {Now some accuracy is required form White not to end up worse or even losing.} 30.Qc1 Rc7 31.fxe5 Qxe5 32.Qc4+ Kh7 33.Bf3 ( {Richard rejected the obvious} 33.Rxd4 Rxc6 34.Qxc6 Rxd4 35.Rxd4 Qxd4+ 36.Kh2 {Indeed Black's Q+$146 combo is a strong attacking force. However, in this case it may only be good for a draw by perpetual.} ) 33...Ng5 ( 33...Rd6 34.Bxe4 fxe4 35.Rxd4 Rcxc6 36.Qa4 Rg6 {was Caruana's other option. It was next to impossible to tell which way to go, because of the clock situation.} ) 34.h4 Nxf3+ 35.Rxf3 Rd5 36.h5 Qe4 {Fabiano skillfully maintained the pressure, trying to force an error from Richard.} 37.Rdf1 d3 38.Rf4 Qe6 39.Rxf5 $1 {Rapport has no aversion to tactics when he can calculate them.} 39...Qe3+ 40.Kh2 Rd4 41.Re1 $1 {It was all about this move White had to see from afar.} 41...Rxc4 {Caruana burned a lot of time here. It's not that he had any options, most likely it was due to a certain degree of frustration. He was hoping to get more out of the middlegame than this.} ( 41...Qxe1 $2 42.Qxd4 d2 43.Rd5 ) 42.Rxe3 Rd4 43.Rf1 {A sensible move.} ( {There was no need for Rapport to look for a miracle escape the computers find after} 43.Re8 Rxc6 44.g4 $3 Rxg4 45.Rd8 ) 43...d2 {It was funny to see some engines crediting Black with a large advantage. All it did was to raise hopes among Caruana's supporters. In reality, the best Black can get out of this is a harmless extra pawn on the queenside, with his king hopelessly cut off by the active white rook.} 44.Rd1 Rxc6 45.Re2 Rc2 46.a3 Rd5 47.Kg3 Rc3+ 48.Kh4 Rd4+ ( 48...Rxb3 49.Rexd2 Rxd2 50.Rxd2 Rxa3 51.Rd7 {case in point.} ) 49.g4 Rdd3 {Fabi gave it his best effort, but it wasn't meant to be.} 50.Rh2 Rc2 51.b4 a4 52.b5 Rb2 53.Rh3 $1 ( {The four rook ending reached after} 53.b6 Rxb6 54.Rhxd2 Rxa3 {offers Black good winning chances.} 55.Rd4 ) 53...Rd6 54.Rh2 Ra2 55.Rg2 {White simply sits and waits for Black to take on a3.} 55...Kg8 {Caruana didn't even bother with it.} 56.Rh2 Kf7 57.Re2 Rb2 58.Rf1+ Rf6 59.Rd1 Rd6 60.Rf1+ Rf6 61.Rd1 Rd6 62.Rf1+ 1/2-1/2

[Event "Aimchess U.S. Rapid"]
[Site "Online"]
[Date "2021.08.30"]
[Round "13"]
[White "Van Foreest, Jorden"]
[Black "Duda, Jan Krzysztof"]
[Result "0-1"]
[WhiteElo "2563"]
[BlackElo "2775"]
[EventDate "2021.??.??"]
[Annotator "Bojkov,Dejan"]
[PlyCount "64"]
[Beauty "8251726896216"]
[EventType "rapid"]

1.d4 Nf6 2.c4 e6 3.Nf3 d5 4.Bg5 Be7 5.e3 h6 6.Bxf6 Bxf6 7.Nc3 O-O 8.h4 ( {Another continuation was tried in a super-exciting top game recently:} 8.Rc1 c6 9.h4 ( {The main line remains} 9.Bd3 Nd7 10.O-O dxc4 11.Bxc4 c5 12.Qe2 cxd4 13.exd4 Nb6 14.Bd3 g6 15.Be4 {with typical IQP in Radjabov,T (2765)-So, W (2770) Online 2021} ) 9...g6 10.h5 g5 11.Bd3 Nd7 12.Bb1 Bg7 13.cxd5 ( {A spectacular game by two top female players went} 13.Qc2 Re8 14.Ne5 Qf6 15.Qh7+ Kf8 16.f4 gxf4 17.exf4 Nxe5 18.fxe5 Qf4 19.Ne2 Qg5 20.Rc3 {Cmilyte,V (2503)-Zatonskih,A (2506) Tbilisi 2012} ) 13...cxd5 ( {Safer seems} 13...exd5 $1 {when Nakamura probably feared the hole on f5 after} 14.Ne2 {followed by Ne2-g3-f5.} ) 14.Qd3 Re8 15.Nb5 Re7 ( {Initially, the computer suggests the preliminary check as a better defense} 15...Qa5+ 16.Ke2 {as the rook looks better on the d8 square where it does not obstruct the black king. However, if we prolong the line} 16...Rd8 17.Nc7 Rb8 18.Nxg5 hxg5 19.Qh7+ Kf8 20.h6 Bf6 {we see that White keeps a huge attack with} 21.Bg6 $1 fxg6 22.Nxe6+ Ke8 23.Nc7+ Kf8 24.Qxg6 {and White seems winning.} ) 16.Nxg5 hxg5 ( {This time} 16...Qa5+ {does not slow White down at all and he is going to execute the same idea as in the game:} 17.Ke2 hxg5 18.h6 Bf6 19.Qh7+ Kf8 20.Nc7 Rb8 21.Rh5 $1 {That's the point. Rh5xg5 is an unstoppable threat, e.g.} 21...Nb6 22.Rxg5 Bxg5 23.Qh8# ) 17.h6 Bf6 18.Qh7+ Kf8 19.Rh5 {Le,Q (2709)-Nakamura,H (2736) Online 202 0-1} ) 8...c5 9.g4 {Very aggressive, and the only move to support White's previous play.} ( 9.dxc5 Bxc3+ 10.bxc3 Qa5 {is excellent for Black.} ) ( {Whereas} 9.cxd5 exd5 {opens up the black light-squared bishop.} ) 9...cxd4 10.exd4 g6 {In order to open room for his bishop. A finachettoed bishop is a great defender against the major pieces and can handle a major attack all by itself.} ( {The normal development} 10...Nc6 11.g5 hxg5 12.hxg5 Bxg5 {has been tried with success in a couple of games, but looks very risky due to} 13.Qd3 $146 g6 14.Nxg5 Qxg5 15.Qh3 ) 11.g5 hxg5 12.hxg5 Bg7 13.Qd2 $146 {Van Foreest prepares to castle, while his queen gets closer to the enemy king.} ( {In an earlier game White came to the conclusion that this square is best for his queen with a delay:} 13.Qc2 Nc6 14.O-O-O Qc7 15.Qd2 {Strinitz, H-Winkelmann, H Germany 1970} ) 13...Nc6 14.O-O-O ( {After} 14.Qf4 {Black would likely have opened an escape route for his king with} 14...Qe7 15.Qh4 ( 15.O-O-O $5 ) 15...Rd8 ) 14...Re8 {The king needs the f8-square.} 15.Rh4 ( {Or} 15.Qf4 Qa5 {with double-edged play.} ( {Or even the crazy computer suggestion} 15...b5 {to open files on the queenside at once.} ) ) 15...a6 16.Kb1 {So far White played superbly, however this last move puts his king in danger, rather than in safety.} ( {Strong was the normal development instead:} 16.Be2 $1 {when} 16...dxc4 {is met strongly with} ( {Therefore Black should choose} 16...Qd6 {instead when White is better after} 17.Rdh1 Rd8 18.Kb1 {and this time the white king is really safe.} ) 17.Qf4 $1 b5 18.Ne4 {And this super-knight decides the outcome of the attack with} 18...Bb7 19.Nf6+ Kf8 20.Rdh1 $1 {Notice that the knight is more valuable than the black rook!} 20...Ke7 21.Rh7 $1 {and White crushes through.} ) 16...dxc4 17.Bxc4 ( {This time} 17.Qf4 {is a bad idea due to} 17...e5 $1 18.dxe5 Bf5+ 19.Ka1 Qa5 {and Black attacks first.} ) 17...e5 $1 {Trademark power-play by Duda.} 18.Qc2 {A very serious mistake.} ( {White had to keep the opponent's bishops as locked up as possible with} 18.d5 {when} 18...Nd4 19.Nxd4 exd4 20.Ne4 Rxe4 21.Rxe4 Bf5 22.Bd3 {is equal after} 22...Bxe4 ( {Or after} 22...Qxd5 23.Re2 Be6 ) 23.Bxe4 Qd6 ) 18...Bf5 {The pin is too much for White to handle.} 19.Ne4 exd4 20.Ka1 ( {Maybe White planned to sacrifice the exchange after} 20.Rf4 {but saw later that} 20...Rxe4 $1 21.Rxe4 Nb4 22.Qe2 Qe7 23.Re1 Rc8 {leaves him completely tied up.} ) 20...d3 {This looks like an instant win, but in fact almost misses the full point.} ( {Two other continuations would have won instead. For example} 20...Rc8 21.Bd3 Nb4 22.Qe2 Nxd3 23.Qxd3 Qe7 ) ( {Or} 20...Nb4 21.Qb3 Rxe4 22.Bxf7+ Kf8 23.Rxe4 Bxe4 24.Nh4 Nc2+ {and wins.} ) 21.Rxd3 Nb4 22.Bxf7+ Kxf7 {And now White can escape!} ( {Black could have still won with the brilliant} 22...Kf8 $3 23.Qc5+ Qe7 24.Bxe8 Nxd3 ) 23.Qc4+ Re6 24.Rxd8 Rxd8 25.Rh1 {An automatic retreat, which however loses material.} ( {The amazing resource} 25.Qb3 $1 Rd3 26.Nd6+ $3 {would have saved White, e.g.} 26...Rxd6 ( {Or} 26...Kf8 27.Nxf5 Rxb3 28.axb3 gxf5 29.Rxb4 {with equality.} ) 27.Rxb4 Rd3 28.Rxb7+ Kg8 29.Rxg7+ $1 Kxg7 30.Qb7+ {and the king will get his air on the next move.} ) 25...Bxe4 26.Qxb4 Rd3 {The back-rank weakness prevents White from regaining the material.} 27.Re1 ( 27.Qc4 Bxf3 28.Qxd3 Bxh1 {does not help either.} ) 27...Bxf3 28.Qf4+ Kg8 29.Qc4 Bd5 {The mighty bishops and rooks quickly mate the king.} 30.Qc8+ Kh7 31.Rb1 Re2 32.Qc1 Ra3 0-1